000 nam a22 7a 4500
999 _c232537
_d232537
003 ASAB
005 20170220155652.0
008 170220b xxu||||| |||| 00| 0 eng d
040 _cASAB
082 _a575 KUM
245 _aApplied Genetics
_cVeena kumari
942 _2ddc
_cBK